Recuerdos de mi infancia y juventud (Record no. 9188)

MARC details
000 -LEADER
campo de control de longitud fija 00854nam a2200229 i 4500
001 - NÚMERO DE CONTROL
campo de control 9188
003 - IDENTIFICADOR DE NÚMERO DE CONTROL
campo de control ES-MaACL
005 - FECHA Y HORA DE LA ÚLTIMA TRANSACCIÓN
campo de control 20230906145627.0
007 - CAMPO FIJO DE DESCRIPCIÓN FÍSICA--INFORMACIÓN GENERAL
campo de control de longitud fija t|
008 - DATOS DE LONGITUD FIJA--INFORMACIÓN GENERAL
campo de control de longitud fija 930521s1989 sp ||||1|aspa d
020 ## - NÚMERO INTERNACIONAL ESTÁNDAR DEL LIBRO
Número Internacional Estándar del Libro 84-404-3383-2
080 ## - NÚMERO DE LA CLASIFICACIÓN DECIMAL UNIVERSAL
Número de la Clasificación Decimal Universal 929 Ramos Argüelles, Antonio
080 ## - NÚMERO DE LA CLASIFICACIÓN DECIMAL UNIVERSAL
Número de la Clasificación Decimal Universal 94(460)"1930/1950"
100 1# - ENTRADA PRINCIPAL--NOMBRE DE PERSONA
Nombre de persona Ramos Argüelles, Antonio.
9 (RLIN) 95281
245 10 - MENCIÓN DEL TÍTULO
Título Recuerdos de mi infancia y juventud
Resto del título : (1930-1950) : (impresiones del hijo de un republicano fusilado) /
Mención de responsabilidad, etc. Antonio Ramos Argüelles.
260 ## - PUBLICACIÓN, DISTRIBUCIÓN, ETC.
Lugar de publicación, distribución, etc. [Algeciras] :
Nombre del editor, distribuidor, etc. El autor,
Fecha de publicación, distribución, etc. 1989 (
Fabricante Tip. Castillo)
300 ## - DESCRIPCIÓN FÍSICA
Extensión 313, [2] p. ;
Dimensiones 30 cm.
600 14 - PUNTO DE ACCESO ADICIONAL DE MATERIA--NOMBRE DE PERSONA
Nombre de persona Ramos Argüelles, Antonio.
9 (RLIN) 95281
651 #4 - PUNTO DE ACCESO ADICIONAL DE MATERIA--NOMBRE GEOGRÁFICO
Nombre geográfico España-
Subdivisión general Historia-
Subdivisión cronológica 1931-1939, II República-
Subdivisión de forma Relatos personales.
9 (RLIN) 8290
651 #4 - PUNTO DE ACCESO ADICIONAL DE MATERIA--NOMBRE GEOGRÁFICO
Nombre geográfico España-
Subdivisión general Historia-
Subdivisión cronológica 1939-1955-
Subdivisión de forma Relatos personales.
9 (RLIN) 8330
852 ## - LOCALIZACIÓN
Ubicación ES-MaACL
Número de control de estantería L-16670
Holdings
Estatus retirado Estado de pérdida Estado de daño No para préstamo Biblioteca de origen Biblioteca actual Ubicación en estantería Fecha de adquisición Fuente de adquisición Total de préstamos Signatura topográfica completa Código de barras Visto por última vez Precio de reemplazo Tipo de ítem Koha
        Biblioteca del Ateneo de Madrid Biblioteca del Ateneo de Madrid Depósito 2 17/01/2008     L-16670 1009377 23/02/2023 23/02/2023 Libro impreso